Former British Colony Flags - Statistics

General Stats
  • This quiz has been taken 590 times
  • The average score is 5 of 16
Answer Stats
Picture Hint Answer % Correct
North America Canada
93%
Africa South Africa
81%
Asia India
47%
Europe Malta
44%
Africa Uganda
33%
North America Dominica
25%
North America Jamaica
24%
Asia Singapore
20%
Africa Kenya
19%
Asia Cyprus
16%
North America Belize
14%
Oceania Solomon Islands
12%
North America Antigua and Barbuda
11%
North America Grenada
9%
North America Saint Lucia
9%
Africa Sierra Leone
6%
No matching quizzes found
Score Distribution
Percent of People with Each Score
Percentile by Number Answered
Your Score History
You have not taken this quiz